| 000 | 00413nam a22001697a 4500 | ||
|---|---|---|---|
| 003 | NUST - PNEC | ||
| 005 | 20170116181021.0 | ||
| 008 | 150913b xxu||||| |||| 00| 0 eng d | ||
| 020 | _a8173193215 | ||
| 040 | _cLIBRARY | ||
| 082 | _a536.7 GUH | ||
| 100 |
_910665 _aGuha, Evelyn |
||
| 245 |
_aBasic Thermodynamics _cGuha, Evelyn |
||
| 260 | _cc.2000 | ||
| 650 |
_910667 _aThermodynamics _xME |
||
| 942 |
_2ddc _cBK |
||
| 999 |
_c67415 _d67415 |
||